| 000 | 00619nam a22001937a 4500 | ||
|---|---|---|---|
| 999 |
_c15354 _d15354 |
||
| 003 | AR-CdUCM | ||
| 008 | 190423b ||||| |||| 00| 0 spa d | ||
| 040 |
_aMUNICIPALIDAD PROVINCIAL DEL CUSCO _cBIBLIOTECA MUNICIPAL DEL CUSCO |
||
| 082 |
_aC / 985.61 / _bV39 |
||
| 100 |
_aVera Alatrista, Carlos _933173 |
||
| 245 | _aPrograma general Inti raymi 81 Cusco / | ||
| 260 |
_aCusco : _bComisión municipal de festejos del Cusco, _c1981. |
||
| 300 |
_a20 páginas ; _c21 cm. |
||
| 650 |
_aFiestas del Cusco _913258 |
||
| 650 |
_aPrograma general _933174 |
||
| 650 |
_aHistoria _9136 |
||
| 942 |
_2ddc _cLIBROS |
||
| 945 | _awfj | ||